[Event "Lidums Checkmate Op"]
[Site "Adelaide"]
[Date "2007.07.07"]
[Round "3.19"]
[White "Sykes, Alexander"]
[Black "Zulfic, Fedja"]
[Result "1/2-1/2"]
[Annotator "Fritz 10"]
[BlackElo "1809"]
[EventCountry "AUS"]
[EventDate "2007.07.07"]
[EventRounds "7"]
[EventType "swiss"]
[PlyCount "38"]
[WhiteElo "1930"]

{ E45: Nimzo-Indian: Rubinstein: 4...b6 5 Ne2 Ba6 } 1. d4 Nf6 2. c4 e6 3. Nc3
Bb4 4. e3 b6 5. Ne2 Ba6 6. a3 Bxc3+ 7. Nxc3 d5 8. cxd5 Bxf1 9. Kxf1 Nxd5 ( 9...
exd5 10. Qe2 O-O 11. f3 Re8 12. Kf2 c5 13. Rd1 cxd4 14. Rxd4 Nc6 15. Rd1 Qd6
16. Kg1 Rad8 17. b4 Qe5 18. Rd3 d4 19. Nd1 Nd5 20. e4 f5 21. Nf2 Nc3 22. Qc2
fxe4 23. Nxe4 Nxe4 24. Qxc6 { Collier,P  ( 2116 ) -Ly,M  ( 2188 ) /Philadelphia
2006/CBM 112 ext/0-1  ( 33 )}  )10. e4 $146 ( 10. Bd2 O-O 11. Qf3 Qd7 12. Rc1
Nxc3 13. Bxc3 Nc6 14. g3 Rfc8 15. Kg2 Ne7 16. Rhd1 Nd5 17. Be1 f5 18. Rc2 a5
19. Rdc1 c6 20. Qe2 a4 21. f3 b5 22. e4 fxe4 23. fxe4 Nb6 24. Bb4 Nc4 {
Conquest,S  ( 2513 ) -Cherniaev,A  ( 2509 ) /Coventry 2005/CBM 105 ext/1/2-1/2 
( 36 )}  )10... Nxc3 11. bxc3 O-O 12. g3 c5 13. Be3 cxd4 14. cxd4 Nc6 15. Rc1 {
White threatens to win material: Rc1xc6}  15... Rc8 ( 15... Qd6 16. Qa4 Rac8
17. Kg2 $11 )16. Kg2 Qd6 { Black threatens to win material: Qd6xa3}  ( 16...
Qd7 17. Qd3 $11 )17. Qd3 $14 Ne7 18. Rhd1 f5 19. Bd2 fxe4  1/2-1/2

[Event "Lidums Checkmate Op"]
[Site "Adelaide"]
[Date "2007.07.07"]
[Round "3.20"]
[White "Cooke, Tristrom P"]
[Black "Wedding, Robin"]
[Result "0-1"]
[Annotator "Fritz 10"]
[BlackElo "1856"]
[EventCountry "AUS"]
[EventDate "2007.07.07"]
[EventRounds "7"]
[EventType "swiss"]
[PlyCount "40"]
[WhiteElo "1549"]

{ C01: French: Exchange Variation } 1. e4 e6 2. d4 d5 3. exd5 exd5 4. Nf3 Bg4 5.
Be2 Bd6 6. Ne5 $146 ( 6. Be3 c6 7. Nbd2 Qc7 8. h3 Bh5 9. c4 Ne7 10. c5 Bf4 11.
O-O Bxe3 12. fxe3 f6 13. e4 Nd7 14. exd5 Nxd5 15. Qb3 O-O 16. Bc4 Bf7 17. Ne4
b5 18. Bxd5 Bxd5 19. Qc2 Qf4 20. Rae1 Rad8 { Steiner,W-Schmid,M/Triberg
1991/GER/1-0  ( 32 )}  )( 6. c3 c6 ( 6... Ne7 7. Nbd2 Nbc6 8. O-O Qd7 9. b4 O-O
10. Ne5 Bxe2 11. Nxd7 Bxd1 12. Nxf8 Bg4 13. h3 Bf5 14. g4 Bd3 15. Nd7 Bxf1 16.
Kxf1 b6 17. b5 Na5 18. Ne5 Bxe5 19. dxe5 Ng6 20. Nf3 Nc4 21. a4 {
Sepic,A-Kruljac,P  ( 2096 ) /Sveti Filip i Jakov 2006/CBM 111 ext/0-1  ( 48 )} 
)7. O-O Ne7 8. Re1 O-O 9. Ne5 Bxe2 10. Qxe2 Ng6 11. Nxg6 hxg6 12. Nd2 Nd7 13.
Nf3 Re8 14. Qxe8+ Qxe8 15. Rxe8+ Rxe8 16. Bd2 Nf6 17. Re1 Rxe1+ 18. Nxe1 {
1/2-1/2 Malisauskas,V  ( 2530 ) -Gausel,E  ( 2485 ) /Norway 1992/TD}  )( 6. c4
dxc4 7. O-O Ne7 8. Bxc4 O-O 9. Bg5 Nbc6 10. Nc3 Nxd4 11. Qxd4 Bxf3 12. Bxe7
Bxh2+ 13. Kxh2 Qxd4 14. gxf3 Qe5+ 15. Kg2 Qxe7 16. Rfe1 Qg5+ 17. Kf1 Qh4 { 0-1
Donecker,S-Weteschnik,M/Wiesbaden 1992/GER}  )6... Bxe2 7. Qxe2 { Black king
safety dropped}  7... Ne7 8. O-O O-O 9. Nc3 Nbc6 10. Nxc6 bxc6 11. Bg5 Qd7 {
White has an active position}  12. Rfe1 Rab8 13. b3 f6 { Black threatens to win
material: f6xg5}  14. Be3 f5 15. Bg5 { White threatens to win material: Bg5xe7}
 15... Ng6 { Black intends f4}  16. Qe6+ ( 16. Bd2 $5 $15 { should be
considered} )16... Qxe6 $17 17. Rxe6 f4 18. h4 Rf5 19. Rae1 $2 ( 19. Ne2 $5 $17
$142)19... Kf7 $19 20. Rxg6 $2 ( 20. Rxd6 cxd6 21. g4 fxg3 22. fxg3 $19 )20...
Kxg6 ( 20... hxg6 $6 21. Ne2 $19 ) 0-1

[Event "Lidums Checkmate Op"]
[Site "Adelaide"]
[Date "2007.07.07"]
[Round "3.21"]
[White "Dizdarevic, Mehmedalija"]
[Black "Hvistendahl, Robert"]
[Result "0-1"]
[Annotator "Fritz 10"]
[BlackElo "1855"]
[EventCountry "AUS"]
[EventDate "2007.07.07"]
[EventRounds "7"]
[EventType "swiss"]
[PlyCount "61"]
[WhiteElo "1956"]

{ B86: Sicilian Scheveningen/Najdorf: 6 Bc4, without early ...b5 } 1. e4 c5 2.
Nf3 d6 3. d4 cxd4 4. Nxd4 Nf6 5. Nc3 a6 6. Bc4 e6 7. Bb3 Qc7 8. Bg5 $146 {
Black is behind in developement}  ( 8. Be3 b5 9. f4 Bb7 10. f5 e5 11. Nf3 h6
12. Nd5 Nxd5 13. Bxd5 Nd7 14. Nd2 Bxd5 15. exd5 Rc8 16. c4 bxc4 17. Rc1 Qa5 18.
O-O Qxa2 19. Qe2 Qxb2 20. Rb1 Qc2 21. Rfc1 Qxf5 22. Nxc4 Ra8 { Berset,P  ( 2235
) -Morariu,I  ( 2055 ) /Geneve 1994/TD/1-0}  )( 8. g4 b5 ( 8... h6 9. h4 Nbd7
10. Rg1 Nc5 11. Qe2 b5 12. g5 hxg5 13. hxg5 b4 14. Nd5 Nxd5 15. exd5 Nxb3 16.
axb3 Qc5 17. Qe4 Bb7 18. g6 Qxd5 19. gxf7+ Kxf7 20. Qg6+ Kg8 21. Be3 e5 22. Nf5
Qf7 23. Nh6+ { Chandler,P  ( 2199 ) -Lisanti,A  ( 2295 ) /Bad Homburg 2006/CBM
112 ext/1-0  ( 54 )}  )9. g5 Nfd7 10. f4 Nc5 11. a3 Nc6 12. f5 Nxd4 13. Qxd4
Nxb3 14. cxb3 Qc5 15. Qxc5 dxc5 16. O-O Bb7 17. Be3 Rc8 18. e5 exf5 19. Rxf5
Be7 20. Rd1 c4 21. b4 Rd8 22. Rxd8+ Bxd8 { Shulman,V  ( 2270 ) -Sorokin,G  (
2425 ) /Kstovo 1994/CBM 042 ext/1/2-1/2  ( 51 )}  )( 8. a4 Nc6 9. O-O Be7 10.
Kh1 Bd7 11. f4 Na5 12. Ba2 Nc4 13. Qe2 Rc8 14. f5 e5 15. Nf3 b5 16. axb5 axb5
17. Bxc4 bxc4 18. Bg5 Qb7 19. Bxf6 Bxf6 20. Ra2 Bb5 21. Rd1 Be7 22. Qf2 Bc6 {
Holtz,D-Gronau,L/Germany 1995/Juniors/1-0  ( 41 )}  )8... Nbd7 9. Qf3 b5 10.
O-O-O { Black has a cramped position}  ( 10. O-O Be7 $11 )10... Bb7 { Black
should quickly conclude development.}  ( 10... Be7 $5 $15 $142 { is an
interesting alternative} )11. Rhe1 $14 h6 ( 11... Qc5 12. Bxf6 Nxf6 13. Kb1 $11
)12. Qh3 { White has an active position}  ( 12. Nxe6 $5 $142 fxe6 13. Bxf6 Nxf6
14. Bxe6 $16 )12... Nc5 $14 { Pawn e4, live or die!}  13. f3 { Covers g4}  (
13. Bxf6 $5 $142 { must be considered}  13... Nxb3+ 14. Nxb3 gxf6 15. a3 $16
)13... Nxb3+ 14. axb3 { Black has the pair of bishops}  14... Be7 15. g4 ( 15.
b4 O-O 16. Bh4 Rac8 $15 )15... O-O-O ( 15... b4 16. Na4 $17 )16. Be3 ( 16. Bd2
$5 $17)16... d5 $19 17. exd5 Nxd5 18. Nxd5 Bxd5 ( 18... Rxd5 19. Qg3 $17 )19.
Kb1 Kb8 20. Qf1 Qxh2 21. Nxb5 $2 ( 21. c4 $142 bxc4 22. bxc4 $17 )21... axb5
$19 22. Qxb5+ Bb7 23. Qa4 Qc7 24. Qa7+ Kc8 25. Bb6 Rxd1+ $4 { gives the
opponent counterplay}  ( 25... Qb8 $142 { Black clearly has the better chances}
 26. Qa5 Rxd1+ 27. Rxd1 Bc6 $19 ( 27... Bxf3 $6 28. Qc3+ Kb7 29. Qxf3+ Kxb6 30.
Rd7 $17 ))26. Rxd1 $11 Qb8 $4 { weakening the position}  ( 26... Bc5 $1 $142 {
the only rescuing move}  27. Bxc5 Bxf3 28. Qxc7+ Kxc7 $11 )27. Qa4 $18 Bd6 28.
Qd4 $4 { throws away a nice position}  ( 28. Rd3 $142 { would have given White
a clear advantage}  28... Bxf3 29. Rc3+ Kb7 30. Bf2 $18 )28... Bxf3 29. Rd3 $2
( 29. Qc3+ $5 $142 Kb7 30. Qxf3+ Kxb6 31. Qxf7 $17 )29... Bd5 $19 30. c4 Bc6
31. Ba7  0-1

[Event "Lidums Checkmate Op"]
[Site "Adelaide"]
[Date "2007.07.07"]
[Round "3.22"]
[White "Huynh, Arthur"]
[Black "Cloudsdale, Colin"]
[Result "1/2-1/2"]
[Annotator "Fritz 10"]
[BlackElo "1929"]
[EventCountry "AUS"]
[EventDate "2007.07.07"]
[EventRounds "7"]
[EventType "swiss"]
[PlyCount "60"]
[WhiteElo "1833"]

{ E12: Queen's Indian: Unusual White 4th moves, 4 a3, 4 Nc3 Bb7 5 a3 and 4 Nc3
Bb7 } 1. d4 Nf6 2. Nf3 e6 3. c4 b6 4. Nc3 Bb7 5. Bg5 Be7 6. e3 d6 7. Be2 ( 7.
Bd3 h6 8. Bxf6 Bxf6 9. Be4 c6 10. O-O O-O 11. Rc1 Nd7 12. b4 d5 13. cxd5 exd5
14. Bd3 a5 15. b5 c5 16. Re1 Re8 17. Bf1 Rc8 18. Qb3 Nf8 19. Red1 Ne6 20. dxc5
Rxc5 21. Ne2 Qd6 { Hodgson,J  ( 2540 ) -De Firmian,N  ( 2565 ) /Reykjavik
1990/CBM 018/1/2-1/2  ( 84 )}  )7... Nbd7 8. Qd3 $146 ( 8. O-O O-O ( 8... c5 9.
d5 e5 10. h3 Nf8 11. Qa4+ N8d7 12. Rad1 O-O 13. Qc2 Re8 14. Bd3 Nf8 15. Bh4
Nxd5 16. Nxd5 Bxd5 17. Bxe7 Qxe7 18. Bxh7+ Nxh7 19. Rxd5 Nf6 20. Rd2 e4 21. Nh2
Rad8 22. Rfd1 Qe5 23. Ng4 { Isere,S-Zimuto,N/Thessaloniki 1988/TD/1/2-1/2  ( 62
)}  )9. Qc2 h6 ( 9... Ne8 10. Bxe7 Qxe7 11. e4 f5 12. Rfe1 Qf6 13. exf5 exf5
14. Rad1 Kh8 15. d5 g5 16. Nd4 Ng7 17. Ncb5 Rfc8 18. Bd3 a6 19. Na3 Rf8 20. Ne6
Nxe6 21. Rxe6 Qf7 22. Qd2 Nc5 23. Re2 Rg8 24. Rde1 { Gonchar,S  ( 1916 )
-Senanayake,P  ( 1846 ) /Turin 2006/CBM 112 ext/1-0  ( 55 )}  )10. Bh4 c5 11.
Rad1 a6 12. h3 Qc7 13. Nd2 cxd4 14. exd4 Rfe8 15. Bg3 Bc6 16. Nce4 Nxe4 17.
Nxe4 Qb7 18. f3 d5 19. Nd6 Bxd6 20. Bxd6 dxc4 21. Bxc4 Bd5 22. Qb3 Bxc4 {
Alfonso Nogue,A  ( 2251 ) -Arkell,K  ( 2431 ) /Barcelona 2001/CBM 084 ext/0-1 
( 54 )}  )( 8. Qc2 c5 9. O-O-O Qc7 10. Kb1 Rc8 11. Rd2 O-O 12. Rg1 Rfe8 13. g4
cxd4 14. Nxd4 Nc5 15. Bxf6 Bxf6 16. g5 Be7 17. h4 f5 18. gxf6 Bxf6 19. h5 h6
20. Qg6 Kh8 21. Bd1 e5 22. Ndb5 Qe7 { Tseleng,E-Chiu,Y/Thessaloniki
1988/TD/1-0}  )8... O-O 9. O-O c5 10. d5 ( 10. Rfd1 a6 $14 )10... exd5 $11 11.
cxd5 Nxd5 12. Bxe7 Nxe7 13. Qxd6 Nf6 14. Rad1 Ned5 15. Qg3 Qe7 16. Nxd5 Bxd5
17. Nh4 Qe6 18. b3 { Controls c4}  ( 18. Qf4 $5 $11 { is an interesting idea}
)18... Ne4 $17 19. Qf4 Nc3 20. Bg4 Qc6 ( 20... Qe4 $5 21. Rd2 Rad8 $17 )21. Nf5
( 21. Rd2 Rad8 22. Rd3 Nxa2 $11 )21... Qf6 $15 22. Rd3 Rad8 23. Qc7 { White
threatens to win material: Qc7xa7}  ( 23. Nh6+ Qxh6 24. Qxh6 gxh6 25. Rxc3 Be4
$11 )23... Rfe8 24. Qxa7 $2 ( 24. Ne7+ $1 $142 { and White is still in the
game}  24... Qxe7 25. Qxe7 Rxe7 26. Rxc3 $15 )24... h5 $1 $19 { Deflection: h5}
 25. Bh3 ( 25. Bxh5 Qg5 { Double attack}  ( 25... Qxf5 { Deflection} )( 25...
Qg5 { Decoy} ))25... g6 $4 { hands over the advantage to the opponent}  ( 25...
Ne2+ $142 { and Black takes home the point}  26. Kh1 Bxg2+ 27. Bxg2 Rxd3 $19
)26. Rxc3 $17 Qxc3 27. Ne7+ Kg7 28. Nxd5 Rxd5 29. Qxb6 Rd2 30. a4 Rb2 {
Following moves unknown}   1/2-1/2

[Event "Lidums Checkmate Op"]
[Site "Adelaide"]
[Date "2007.07.07"]
[Round "3.23"]
[White "Stojic, Svetozar"]
[Black "Gibbs, Glen B"]
[Result "1-0"]
[Annotator "Fritz 10"]
[BlackElo "1800"]
[EventCountry "AUS"]
[EventDate "2007.07.07"]
[EventRounds "7"]
[EventType "swiss"]
[PlyCount "80"]
[WhiteElo "1919"]

{ C02: French: Advance Variation } 1. e4 e6 2. d4 d5 3. e5 c5 4. c3 Nc6 5. Nf3
Qb6 6. a3 c4 7. Nbd2 Be7 ( 7... Qc7 8. b3 Na5 9. bxc4 dxc4 10. Nxc4 Bd7 11.
Nxa5 Qxa5 12. Bd2 Ne7 13. Bd3 h6 14. O-O Bc6 15. Qe2 O-O-O 16. Rfb1 a6 17. Rb2
g5 18. Ne1 Rd7 19. Nc2 Nf5 20. a4 Nh4 21. Ne3 b5 22. c4 { Orton,W  ( 2125 )
-Latino,C/Tulsa 2005/CBM 108 ext/1-0  ( 31 )}  )8. Be2 $146 ( 8. g3 Na5 9. h4
Bd7 10. Bh3 O-O-O 11. O-O f6 12. exf6 gxf6 13. Re1 Re8 14. Rb1 Bd6 15. b3 cxb3
16. Nxb3 Nc4 17. Nfd2 Qc7 18. Nxc4 dxc4 19. Nc5 Bxc5 20. dxc5 f5 21. Bf4 e5 22.
c6 Bxc6 { Najer,E  ( 2624 ) -Shoskin,G/Ashdod 2004/CBM 103 ext/1-0}  )( 8. b3
Qa5 9. Qc2 b5 $14 )8... Bd7 9. O-O h5 ( 9... Na5 10. Rb1 $11 )10. b3 $14 cxb3
11. Nxb3 Na5 { Black threatens to win material: Na5xb3}  12. Nbd2 ( 12. Nxa5
Qxa5 13. Bd2 Ba4 $16 )12... Nh6 ( 12... Qc7 13. Bb2 $11 )13. Rb1 { White
threatens to win material: Rb1xb6}  ( 13. c4 Bc6 $14 )13... Qc7 $11 { Black
threatens to win material: Qc7xc3}  14. Bb2 Nf5 15. Rc1 b5 16. a4 { White
threatens to win material: a4xb5}  16... Nc4 { Black threatens to win material:
Nc4xb2. A beautiful square!}  ( 16... bxa4 17. c4 Qb7 18. Rb1 dxc4 19. Ba3 $11
)17. Ba1 ( 17. Nxc4 bxc4 18. Ra1 O-O $14 )17... a6 $11 18. axb5 axb5 19. Nb3 (
19. Nxc4 dxc4 20. Rb1 Bc6 $15 )19... g6 ( 19... h4 20. h3 $15 )20. Ne1 { The
idea is Nf3-e1-d3-c5}  20... O-O 21. Nd3 Ra2 { White's piece can't move: a1} 
22. Ndc5 { Here comes the goal-getter}  ( 22. Nb4 Ra4 $11 )22... Rfa8 ( 22...
Nxe5 23. dxe5 Bxc5 24. Nxc5 Qxc5 25. Rb1 $17 )23. Rc2 R2a7 ( 23... Nxe5 24.
Rxa2 Rxa2 25. Nxd7 Nxd7 26. Bxb5 $17 )24. Bb2 ( 24. Nxd7 Qxd7 25. Bb2 Qc6 $15
)24... Be8 ( 24... Nxe5 25. Nxe6 fxe6 26. dxe5 $15 )25. Qd3 ( 25. Bd3 $5 $11 {
should be examined more closely} )25... Ra2 $17 26. Bc1 Rxc2 27. Qxc2 Qa7 (
27... Nxe5 $5 { is worth consideration}  28. dxe5 Bxc5 29. Nxc5 Qxc5 $17 )28.
Bf4 ( 28. Re1 Nxe5 29. Nxe6 fxe6 30. dxe5 b4 31. cxb4 Bxb4 $11 )28... Qa2 $11 {
Black threatens to win material: Qa2xc2}  29. Qd3 Qa7 ( 29... Bxc5 30. Nxc5 b4
31. cxb4 $11 )30. h3 h4 31. Ra1 { White threatens to win material: Ra1xa7} 
31... Qb8 32. Qb1 Kg7 33. Ra2 Bc6 34. Qa1 ( 34. Rxa8 Qxa8 35. Bd3 Kg8 $14
)34... Rxa2 $14 35. Qxa2 b4 { Black threatens to win material: b4xc3}  36. Na6
( 36. Qa1 Kg8 $14 )36... Qa8 ( 36... Qb6 $5 $142 { is noteworthy}  37. Nxb4
Bxb4 38. cxb4 Qxb4 $11 )37. Nxb4 $16 ( 37. cxb4 $2 Bb5 38. g3 hxg3 ( 38... Bxa6
$6 39. g4 Nh6 40. b5 $17 )39. fxg3 Qxa6 ( 39... Bxa6 $143 40. g4 Nh4 41. Nc5
$19 )40. Qxa6 Bxa6 $19 )37... Bxb4 ( 37... Qxa2 $5 38. Nxa2 g5 $16 )38. Qxa8
Bxa8 39. cxb4 Bc6 40. Kf1 ( 40. Bd3 $5 $16)40... Ba4 $14  1-0

[Event "Lidums Checkmate Op"]
[Site "Adelaide"]
[Date "2007.07.07"]
[Round "3.24"]
[White "Voon, Richard"]
[Black "Garcia-Blanco, Miguel"]
[Result "0-1"]
[Annotator "Fritz 10"]
[BlackElo "1699"]
[EventCountry "AUS"]
[EventDate "2007.07.07"]
[EventRounds "7"]
[EventType "swiss"]
[PlyCount "104"]
[WhiteElo "1903"]

{ D17: Slav Defence: 5 a4 Bf5: Lines with 6 Nh4 and 6 Ne5 } 1. d4 d5 2. c4 c6 3.
Nf3 Nf6 4. Nc3 dxc4 5. a4 Bf5 6. Ne5 e6 7. f3 Bb4 8. e4 Bxe4 9. fxe4 Nxe4 10.
Bd2 Qxd4 11. Nxe4 Qxe4+ 12. Qe2 Bxd2+ 13. Kxd2 Qd5+ 14. Kc2 Na6 15. Nxc4 O-O
16. Qe5 Rac8 17. Be2 ( 17. a5 Rfd8 18. Be2 f6 19. Qe3 Qf5+ 20. Kc3 Nc7 21. Kb3
Nb5 22. Rad1 e5 23. g4 Qe6 24. Ka2 Nd4 25. Kb1 c5 26. Rhg1 Nxe2 27. Qxe2 Rd4
28. Ne3 Ra4 29. Rd5 Rxa5 30. Nf5 Ra4 31. Rgd1 h6 { Kuljasevic,D  ( 2408 )
-Nikolov,S  ( 2354 ) /Pula 2006/CBM 112 ext/1-0  ( 35 )}  )17... f6 18. Qe3
Nb4+ $146 ( 18... b5 19. Rad1 Qf5+ 20. Bd3 Qg4 21. Nd6 Rcd8 ( 21... Nb4+ 22.
Kb1 Nd5 23. Qg3 Qb4 24. Nxc8 Nc3+ 25. Kc1 Nxd1 26. Rxd1 Rxc8 27. Qe3 Re8 28.
Qe2 Qc5+ 29. Kb1 f5 30. axb5 cxb5 31. Bxb5 Re7 32. Bc4 Qb6 33. Qe5 { 1-0
Hillarp Persson,T  ( 2445 ) -Edvardsson,K  ( 2210 ) /Reykjavik 1997/CBM 062 ext
( 33 )}  )22. Bf5 Qxa4+ 23. Kb1 Rxd6 24. Rxd6 exf5 25. Qe6+ Kh8 26. Rxc6 Nb8
27. Rc8 Nd7 28. Qxd7 Qe4+ 29. Rc2 b4 30. b3 Qe3 31. Qd5 f4 32. Rhc1 g5 33. Rc8
{ Gretarsson,H  ( 2365 ) -Bjornsson,T  ( 2290 ) /Island 1993/TD/1-0  ( 43 )} 
)( 18... Qf5+ 19. Kb3 b5 20. axb5 cxb5 21. Rxa6 bxc4+ 22. Ka2 Kh8 23. Rc1 c3
24. bxc3 Qd5+ 25. c4 Qxg2 26. Rxe6 Qxh2 27. c5 Qc7 28. Rc2 Rb8 29. Qc3 Qb7 30.
c6 Qb1+ 31. Ka3 Rfc8 32. Ba6 Rc7 33. Rce2 { Sakaev,K  ( 2535 ) -Solozhenkin,E 
( 2480 ) /St Petersburg 1995/CBM 047/1-0  ( 37 )}  )( 18... Qf5+ 19. Kb3 b5 20.
axb5 cxb5 21. Rxa6 bxc4+ 22. Ka2 Rfe8 $16 )19. Kc3 { White threatens to win
material: Kc3xb4}  ( 19. Kb3 $142 b5 20. Kxb4 bxc4 21. Bxc4 Rb8+ 22. Kc3 Qa5+
23. Kc2 Qf5+ 24. Kc1 $16 )19... a5 $15 { Black has a cramped position}  20.
Rad1 ( 20. Nb6 Qd6 21. Nxc8 Nd5+ 22. Kd3 Rxc8 23. Qd2 $14 )20... Qf5 $19 21.
Qd2 $4 { White falls apart}  ( 21. Kb3 $142 b5 22. Nb6 bxa4+ 23. Kxa4 $19
)21... Rcd8 $1 { Decoy: d8}  22. Nd6 ( 22. Qxd8 Nd5+ { Double attack}  ( 22...
Nd5+ { Decoy} ))22... Nd5+ ( 22... Rxd6 $142 { and Black can celebrate victory}
 23. Qxd6 Qc2+ 24. Kd4 Qxe2 $19 )23. Qxd5 $17 Qxd5 ( 23... cxd5 $2 24. Nxf5
exf5 25. Bf3 Rc8+ 26. Kb3 $18 )24. Rxd5 cxd5 ( 24... exd5 $6 25. Nxb7 Ra8 26.
Nc5 $11 )25. Nxb7 Rc8+ 26. Kd4 Rb8 27. Ba6 Rf7 28. Nd6 $4 { White has lost his
nerve... understandable when you consider his position}  ( 28. b4 $142 Rfxb7
29. Bxb7 Rxb7 30. b5 $17 )28... Rb4+ ( 28... Rd7 $5 $142 { keeps an even firmer
grip}  29. Ne8 Kf7 30. Bb5 Kxe8 31. b4 axb4 32. Rb1 $19 )29. Kd3 ( 29. Ke3 Rd7
30. Nb5 Rb3+ 31. Kd4 e5+ 32. Kc5 Rxb2 $19 )29... Rd7 ( 29... Rc7 $5 $142 {
keeps an even firmer grip}  30. Bb5 Rb3+ 31. Kd4 Rxb2 $19 )30. Nb5 Rxa4 ( 30...
Rxb2 31. Bc8 Re7 32. Nd4 $19 )31. Rc1 Rb4 { Black threatens to win material:
Rb4xb2}  ( 31... e5 $142 32. Bc8 Re7 $17 )32. Rc8+ $2 ( 32. Bc8 $142 Re7 33.
Nd4 $17 )32... Kf7 $19 33. Kc2 e5 { Black intends d4}  ( 33... Rf4 34. Kd3 $19
)34. Nc3 ( 34. Rc5 Rf4 35. Kd3 Rf2 $19 )34... Rf4 35. Rc5 $2 ( 35. Nd1
$19)35... Rf2+ 36. Kb3 ( 36. Kd1 { does not solve anything}  36... d4 37. Ne4
Rxg2 38. Rxa5 Rxh2 $19 )36... d4 37. Bc4+ ( 37. Nd5 { cannot change destiny} 
37... a4+ $1 { Deflection: a4}  38. Ka3 Rxg2 $19 )37... Kg6 38. Bd3+ Kh6 39.
Be4 ( 39. Na4 { does not help much}  39... Rxg2 40. Rxa5 Rc7 $19 )39... dxc3
40. bxc3 Ra7 41. c4 ( 41. h3 { doesn't do any good}  41... f5 42. Bc6 Rc7 43.
Rxa5 Rxc6 44. Rxe5 f4 $19 )41... a4+ 42. Ka3 Re2 43. Bf3 Re3+ 44. Ka2 a3 45.
Rd5 Rb7 ( 45... e4 $5 $142 { and Black can already relax}  46. Bg4 Rc3 47. Rd2
$19 )46. Rd2 Rc7 ( 46... e4 { might be the shorter path}  47. Bg4 $19 )47. Rc2
( 47. Re2 { does not improve anything}  47... Rc3 48. Bd5 Kg5 $19 )47... Kg5 (
47... e4 { makes it even easier for Black}  48. Bg4 Kg5 49. Be6 $19 )48. Bd5 (
48. c5 { hardly improves anything}  48... e4 49. Be2 f5 $19 )48... Rd3 ( 48...
Rc5 { seems even better}  49. Bg8 h5 50. Bf7 $19 )49. Be4 ( 49. Bg8 { is not
the saving move}  49... e4 50. Bxh7 g6 51. h4+ Kh5 52. g4+ Kh6 $19 )49... Rd4
50. Bxh7 Rdxc4 51. Rf2 ( 51. Rxc4 { cannot change what is in store for ?} 
51... Rxc4 52. Bd3 Rc3 $19 )51... g6 52. h4+ ( 52. Bg8 { doesn't get the bull
off the ice}  52... Rc2+ 53. Rxc2 Rxc2+ 54. Kxa3 Rxg2 $19 )52... Kh6 ( 52...
Kh6 53. Rxf6 Kxh7 $19 ) 0-1

[Event "Lidums Checkmate Op"]
[Site "Adelaide"]
[Date "2007.07.07"]
[Round "3.25"]
[White "Anderson-Smith, William"]
[Black "Hoile, Robert"]
[Result "0-1"]
[Annotator "Fritz 10"]
[BlackElo "1904"]
[EventCountry "AUS"]
[EventDate "2007.07.07"]
[EventRounds "7"]
[EventType "swiss"]
[PlyCount "62"]
[WhiteElo "1629"]

{ E11: Bogo-Indian } 1. d4 Nf6 2. c4 e6 3. Nf3 Bb4+ 4. Bd2 Qe7 5. Nc3 O-O 6. e3
d6 7. g3 $146 ( 7. a3 Bxc3 8. Bxc3 Ne4 9. Qc2 ( 9. Rc1 f5 10. Bd3 Nxc3 11. Rxc3
Nd7 12. O-O e5 13. dxe5 dxe5 14. Bb1 Nf6 15. c5 g6 16. Qa4 Kg7 17. c6 b6 18.
Qb5 Re8 19. Rd1 a5 20. Qa4 Ba6 21. Bd3 Bxd3 22. Rcxd3 Rad8 23. Nxe5 Rxd3 {
Mendoza,L  ( 2290 ) -Lukov,V  ( 2469 ) /Paris 2001/CBM 083 ext/1/2-1/2}  )9...
Nxc3 10. Qxc3 a5 11. Be2 a4 12. O-O Nc6 13. Rac1 e5 { 1/2-1/2 Granda Zuniga,J 
( 2540 ) -Milos,G  ( 2510 ) /Cienfuegos 1988/CBM 010}  )( 7. Qc2 c5 8. dxc5
Bxc5 9. Na4 Nc6 10. a3 a5 11. Bd3 e5 12. Ng5 g6 13. Ne4 Nh5 14. O-O Ba7 15.
Nac3 f5 16. Nd5 Qd8 17. Nec3 Qg5 18. Nc7 Rb8 19. N7b5 Bc5 20. Kh1 Bd7 21. Nd5
f4 { Brionne,T  ( 2050 ) -Tixier,D  ( 2140 ) /France 1989/TD/0-1  ( 40 )}  )(
7. Bd3 e5 8. dxe5 dxe5 9. Qc2 Bxc3 10. Bxc3 Nc6 11. a3 h6 12. O-O Re8 13. Be2
a5 14. b3 Bg4 15. Qb2 Ne4 16. Be1 Qe6 17. Rc1 Nc5 18. b4 axb4 19. axb4 e4 20.
Nd4 Nxd4 21. exd4 Bxe2 { Tabet,R-Hakki,I  ( 2405 ) /Beirut 2000/CBM 075 ext/0-1
 ( 31 )}  )( 7. Qb3 Nc6 $14 )7... Nc6 ( 7... e5 8. Bg2 $11 )8. Bg2 e5 9. dxe5 (
9. Nd5 Bxd2+ 10. Qxd2 Qd8 $11 )9... dxe5 $15 10. O-O { White castles and
improves king safety}  10... Bg4 { Black has a very active position}  ( 10...
Be6 11. Qe2 $15 )11. Qc2 $11 { Black has an active position}  11... Rad8 12. a3
Bxc3 13. Bxc3 ( 13. Qxc3 $4 Ne4 14. Qc2 Bxf3 15. Bxf3 Nxd2 ( 15... Rxd2 $6 16.
Qxe4 f5 17. Qb1 $17 )16. Bxc6 bxc6 $19 )13... Rfe8 14. Ng5 h6 15. Ne4 Nxe4 16.
Bxe4 ( { Instead of } 16. Qxe4 Qe6 $15 )16... Rd7 ( 16... Qe6 17. Bd5 Rxd5 18.
cxd5 Qxd5 19. e4 $14 )17. b4 $14 Nd8 18. b5 ( 18. c5 g6 $16 )18... c6 $14 {
Secures d5}  19. a4 Qc5 ( 19... Qe6 20. Rfb1 $11 )20. Bd3 ( 20. Rfb1 $16)20...
Rxd3 $2 ( 20... Ne6 $142 { and Black can hope to live}  21. Rab1 Ng5 $11 )21.
Qxd3 $16 e4 ( 21... Ne6 22. Rfb1 e4 23. Qxe4 $11 )22. Qd4 $18 Qg5 23. h4 Qg6
24. Kh2 ( 24. Rfb1 b6 $18 )24... Ne6 ( 24... Be6 25. a5 $16 )25. Qxa7 ( 25. Qd7
Rd8 26. Qxb7 Ng5 $14 )25... Bf3 { The black bishop on an outpost}  ( 25... Ng5
26. Rh1 Qf5 $14 )26. Qxb7 ( 26. Be5 $142 cxb5 27. axb5 $16 )26... Qg4 $11 27.
Qd7 ( 27. Qxc6 { fails to the following pretty mating combination}  27... Ng5
28. Qxe8+ Kh7 29. Qxe4+ Bxe4 30. f3 Qh3+ 31. Kg1 Qxg3+ 32. Kh1 Nxf3 33. Ra2
Qxh4+ 34. Rh2 Qxh2# )27... Rd8 { Black threatens to win material: Rd8xd7}  28.
Qe7 ( 28. Qxc6 $4 { mating quickly in 4}  28... Ng5 { Mate attack}  29. Qe8+
Rxe8 30. hxg5 Qh5+ 31. Kg1 Qh1# )28... Ng5 $2 ( 28... Rc8 29. bxc6 Rc7 30. Qxc7
Nxc7 $19 )29. Qxd8+ $18 ( 29. hxg5 $4 { is not to be advocated because of the
following mate in 2}  29... Qh5+ 30. Kg1 Qh1# )29... Kh7 30. Qd7 { White cannot
hold on to the material}  ( 30. hxg5 $4 Qh5+ 31. Kg1 Qh1# )30... Qxd7 31. hxg5
Qg4 ( 31... Qg4 32. g6+ Kxg6 33. Bf6 gxf6 34. bxc6 Qh5+ 35. Kg1 Qh1# ) 0-1